000 01662nam a2200241Ia 4500
003 Ost
005 20260507075357.0
008 260507s9999||||xx |||||||||||||| ||und||
020 _a978995791026
040 _cfsecg
041 _aara
082 _a330
100 _aبن عمارة، نوال صالح
_eمؤلف
245 0 _aالمراجعة والرقابة في المصارف الإسلامية /
_c نوال صالح بن عمارة
260 _aعمان:
_bدار وائل للنشر والتوزيع,
_c2013
300 _a309 صفحة؛
_bإيضاحات ؛
_c25 سم
504 _aالمراجع ص.285
520 _aالتعريف بالمصارف الإسلامية وصيغها التمويلية-طبيعة الصارف الإسلامية وعلاقتها بالمصارف التقليدية-مصادر الأموال في المصارف الإسلامية-صيغ وأساليب التمويل في المصارف الإسلامية-المراجعة وأشكالها في المصارف الإسلامية-المراجعة الداخلية وعلاقتها بأنظمة الرقابة الأخرى في المصارف الإسلامية-المراجعة الخارجية للحسابات في المصارف الإسلامية-معايير وتقرير المراجع ومستويات إعداده في المصارف الإسلامية-معايير المراجعة الصادرة عن الهيئة-تقرير المراجع ومستويات إعداده في المصارف الإسلامية
653 _aالرقابة
653 _aالمصارف الاسلامية
653 _aمراجعة الحسابات
942 _cكتاب
999 _c44240
_d44240